| 000 | 01172nam a2200265Ia 4500 | ||
|---|---|---|---|
| 003 | OSt | ||
| 005 | 20220930094717.0 | ||
| 006 | a|||||r|||| 00| 0 | ||
| 007 | ta | ||
| 008 | 220926b |||||||| |||| 00| 0 hin d | ||
| 024 | _a130 | ||
| 037 | _cTheses | ||
| 040 |
_aCRL _cCRL _bhin |
||
| 041 |
_2hin _ahin |
||
| 100 | _aअनुशब्द | ||
| 110 | _aदिल्ली विश्वविद्यालय. संकाय कला. हिन्दी विभाग | ||
| 245 | 0 | _aहिंदी समाचार - पत्रों में प्रकाशित कार्टूनों का समाजभाषावैज्ञानिक अध्ययन | |
| 246 | _aHiandī samāchār - patroan mean prakāshit kārṭūnoan kā samājabhāṣhāvaijnyānik adhyayana | ||
| 260 | _c2011 | ||
| 650 | _aहिन्दी साहित्य | ||
| 700 |
_a मोहन, गा. _9159534 |
||
| 700 | _aदिल्ली विश्वविद्यालय. संकाय कला. हिन्दी विभाग | ||
| 942 |
_cDIS _2CC |
||
| 999 |
_c887542 _d887542 |
||